[Event "Baden-Alsace"]
[Site "Freiburg"]
[Date "2016.09.18"]
[Round "1"]
[White "Lerch, Patrice"]
[Black "Schmaltz, Roland"]
[Result "0-1"]
[WhiteElo "2391"]
[BlackElo "2486"]
[PlyCount "62"]
[EventDate "2016.09.18"]
[WhiteTeam "Alsace"]
[BlackTeam "Baden"]
 
1. e4 c5 2. Nc3 e6 3. g3 Nc6 4. Bg2 g6 5. d3 Bg7 6. Be3 d6 7. Qd2 Rb8 8. Nge2
Nd4 9. O-O Ne7 10. Nc1 O-O 11. Nd1 e5 12. c3 Ne6 13. Bh6 f5 14. Bxg7 Kxg7 15.
exf5 gxf5 16. f4 exf4 17. gxf4 Ng6 18. Ne2 b6 19. Ne3 Kh8 20. Rae1 Bb7 21. Bxb7
Rxb7 22. Ng3 Nexf4 23. Nexf5 Rxf5 24. Nxf5 Qg5+ 25. Kh1 Qxf5 26. Re8+ Kg7 27.
Qg2 Nxg2 28. Rxf5 N2f4 29. b3 Rd7 30. Re3 d5 31. Rf3 Ne2 0-1

[Event "Baden-Alsace"]
[Site "Freiburg"]
[Date "2016.09.18"]
[Round "2"]
[White "Gschnitzer, Oswald"]
[Black "Roos, Louis"]
[Result "1-0"]
[WhiteElo "2390"]
[BlackElo "2366"]
[PlyCount "63"]
[EventDate "2016.09.18"]
[WhiteTeam "Baden"]
[BlackTeam "Alsace"]

1. Nf3 c5 2. c4 Nc6 3. Nc3 g6 4. e3 Bg7 5. d4 d6 6. Be2 Bg4 7. O-O Nh6 8. d5
Bxf3 9. Bxf3 Ne5 10. Be2 f5 11. f4 Nd7 12. Bd2 O-O 13. Bf3 a6 14. a4 Rb8 15. h3
b6 16. Qe2 Kh8 17. g4 Qe8 18. g5 Nf7 19. e4 Nd8 20. exf5 Rxf5 21. Rae1 Rf7 22.
Bg4 Nf8 23. b3 Nb7 24. Ne4 Bd4+ 25. Kg2 Rg7 26. Qd3 Qf7 27. Bc3 Bxc3 28. Qxc3
Kg8 29. f5 gxf5 30. Rxf5 Qg6 31. Ng3 Qe8 32. Nh5 1-0

[Event "Baden-Alsace"]
[Site "Freiburg"]
[Date "2016.09.18"]
[Round "3"]
[White "Heinz, Timothee"]
[Black "Arnold, Lothar"]
[Result "1/2-1/2"]
[WhiteElo "2346"]
[BlackElo "2355"]
[PlyCount "120"]
[EventDate "2016.09.18"]
[WhiteTeam "Alsace"]
[BlackTeam "Baden"]

1. d4 e6 2. c4 f5 3. Nf3 Nf6 4. g3 d5 5. Bg2 c6 6. O-O Bd6 7. Qc2 O-O 8. Nc3
Ne4 9. Rb1 Nd7 10. Nxe4 fxe4 11. Ng5 Nf6 12. Nh3 e5 13. dxe5 Bxe5 14. cxd5 cxd5
15. Bf4 Bxf4 16. Nxf4 g5 17. Nh3 h6 18. Rbc1 Qb6 19. Qb3 Qxb3 20. axb3 Bd7 21.
f4 g4 22. Nf2 Bb5 23. Rfe1 Rac8 24. e3 Kf7 25. h3 h5 26. Bf1 Bxf1 27. Kxf1 gxh3
28. Nxh3 Ke6 29. Kf2 Kf5 30. Red1 Rfd8 31. Ng5 Rxc1 32. Rxc1 d4 33. exd4 Rxd4
34. Ke2 Rd3 35. Rc3 Rxc3 36. bxc3 Kg4 37. Kf2 e3+ 38. Kg2 e2 39. Nf3 Ne4 40.
Ne5+ Kf5 41. Nd3 Nc5 42. Ne1 Nxb3 43. Kf3 Nd2+ 44. Kxe2 Ne4 45. Kf3 Nxc3 46.
Nc2 a5 47. Nd4+ Kf6 48. g4 hxg4+ 49. Kxg4 a4 50. Kf3 a3 51. Ke3 Nb5 52. Nc2 Kf5
53. Kd3 a2 54. Na1 Kxf4 55. Kc4 Nd6+ 56. Kb3 Ke3 57. Kxa2 Kd4 58. Kb3 Kc5 59.
Nc2 Nc4 60. Ne1 Kb5 1/2-1/2

[Event "Baden-Alsace"]
[Site "Freiburg"]
[Date "2016.09.18"]
[Round "4"]
[White "Schwing, Hans Elmar"]
[Black "Roos, Daniel"]
[Result "1/2-1/2"]
[WhiteElo "2314"]
[BlackElo "2331"]
[PlyCount "89"]
[EventDate "2016.09.18"]
[WhiteTeam "Baden"]
[BlackTeam "Alsace"]

1. d4 Nf6 2. c4 g6 3. Nc3 d5 4. cxd5 Nxd5 5. e4 Nxc3 6. bxc3 Bg7 7. Bc4 c5 8.
Ne2 Nc6 9. Be3 O-O 10. O-O Qc7 11. Rb1 Rd8 12. Qc1 Na5 13. Bd3 Bd7 14. d5 b6
15. c4 e6 16. Rd1 Ba4 17. Re1 Nb7 18. Nc3 Be8 19. a4 Qe7 20. Bg5 f6 21. Bd2 Qf8
22. Nb5 Bxb5 23. axb5 Nd6 24. Qc2 e5 25. Ra1 Rd7 26. Ra3 Re8 27. g3 Bh6 28. Bc3
Rf7 29. Bb2 Ree7 30. Bf1 Qc8 31. Bg2 Bg7 32. Bc1 Rf8 33. Bd2 Kh8 34. f3 Rff7
35. Rf1 Rf8 36. Raa1 Nf7 37. Rae1 Qd7 38. h4 Bh6 39. Bc3 Nd6 40. Qe2 Qc8 41.
Ra1 Bg7 42. Kh2 Rff7 43. Bh3 f5 44. Kg2 Qf8 45. Rae1 1/2-1/2

[Event "Baden-Alsace"]
[Site "Freiburg"]
[Date "2016.09.18"]
[Round "5"]
[White "Burri, Quentin"]
[Black "Metz, Hartmut"]
[Result "1-0"]
[WhiteElo "2323"]
[BlackElo "2296"]
[PlyCount "57"]
[EventDate "2016.09.18"]
[WhiteTeam "Alsace"]
[BlackTeam "Baden"]

1. e4 c6 2. d4 d5 3. e5 Bf5 4. h4 h5 5. Bd3 Bxd3 6. Qxd3 e6 7. Bg5 Qa5+ 8. Nd2
Qa6 9. c4 Bb4 10. b3 Ne7 11. Ngf3 Nf5 12. O-O Nd7 13. Rfc1 O-O 14. Nf1 Ba3 15.
Rc2 Rfe8 16. Ne3 g6 17. Nxf5 exf5 18. Qc3 Bf8 19. cxd5 cxd5 20. Qc7 Nb6 21. e6
Rxe6 22. Ne5 Rxe5 23. Qxe5 Bg7 24. Qe3 Qb5 25. a4 Qb4 26. Rd1 Nd7 27. Rdc1 Nf8
28. Rc8 Rxc8 29. Rxc8 1-0

[Event "Baden-Alsace"]
[Site "Freiburg"]
[Date "2016.09.18"]
[Round "6"]
[White "Weidemann, Joerg"]
[Black "Flick, Antoine"]
[Result "1-0"]
[WhiteElo "2291"]
[BlackElo "2283"]
[PlyCount "114"]
[EventDate "2016.09.18"]
[WhiteTeam "Baden"]
[BlackTeam "Alsace"]

1. e4 c5 2. Nf3 Nc6 3. c3 d5 4. exd5 Qxd5 5. d4 Bf5 6. Be3 Nf6 7. Nbd2 e6 8.
Bc4 Qd7 9. O-O cxd4 10. Nxd4 Nxd4 11. Bxd4 Bd6 12. Qe2 O-O 13. Rfe1 Qc7 14. h3
Rfd8 15. Nf3 Rac8 16. Bb3 a6 17. Rad1 Nd7 18. Nh4 Bg6 19. Nxg6 hxg6 20. Qg4 Nf8
21. h4 Bc5 22. Be5 Bd6 23. Rxd6 Rxd6 24. Qg3 Rcd8 25. h5 Qc6 26. Bxd6 Rxd6 27.
hxg6 Nxg6 28. Bc2 Nf8 29. Be4 Qb6 30. b4 Rd2 31. a3 Ra2 32. c4 Qd4 33. c5 Ra1
34. Rxa1 Qxa1+ 35. Kh2 Qf6 36. Qe3 Qe7 37. g3 Qc7 38. Qf4 e5 39. Qf5 Ne6 40.
Qh7+ Kf8 41. Bd5 b6 42. Qh8+ Ke7 43. Qh4+ Kd7 44. Qg4 Qb8 45. Bxe6+ fxe6 46.
Qxg7+ Kc6 47. Qe7 bxc5 48. Qxe6+ Kb5 49. Qd5 Qh8+ 50. Kg2 Ka4 51. bxc5 Kxa3 52.
c6 Qa8 53. Qc5+ Ka4 54. Qb6 Qg8 55. Qxa6+ Kb4 56. Qb7+ Ka5 57. c7 e4 1-0

[Event "Baden-Alsace"]
[Site "Freiburg"]
[Date "2016.09.18"]
[Round "8"]
[White "Herbrechtsmeier, Christof"]
[Black "Roos, Jean Luc"]
[Result "1/2-1/2"]
[WhiteElo "2261"]
[BlackElo "2255"]
[PlyCount "49"]
[EventDate "2016.09.18"]
[WhiteTeam "Baden"]
[BlackTeam "Alsace"]

1. d4 d5 2. e4 dxe4 3. Nc3 Nf6 4. f3 c5 5. d5 exf3 6. Nxf3 g6 7. Bc4 Bg7 8. O-O
O-O 9. Bg5 Bf5 10. Nh4 Bg4 11. Qd2 Nbd7 12. Qf4 a6 13. a4 Qb6 14. b3 Qa5 15.
Qg3 Nh5 16. Qxg4 Ne5 17. Qe2 Nxc4 18. Qxc4 Qxc3 19. Rae1 Bd4+ 20. Kh1 f6 21.
Bh6 Qxc4 22. bxc4 Rfe8 23. g4 Ng7 24. Rb1 Ra7 25. Nf3 1/2-1/2

[Event "Baden-Alsace"]
[Site "Freiburg"]
[Date "2016.09.18"]
[Round "9"]
[White "Goldenberg, Richard"]
[Black "Gschnitzer, Adrian"]
[Result "1-0"]
[WhiteElo "2221"]
[BlackElo "2232"]
[PlyCount "31"]
[EventDate "2016.09.18"]
[WhiteTeam "Alsace"]
[BlackTeam "Baden"]

1. Nf3 c5 2. c4 Nc6 3. Nc3 Nf6 4. e3 e6 5. d4 d5 6. a3 b6 7. cxd5 Nxd5 8. Bb5
Bd7 9. Nxd5 exd5 10. dxc5 bxc5 11. O-O Qa5 12. Ba4 Qa6 13. b4 cxb4 14. axb4
Bxb4 15. Qxd5 Rc8 16. Ne5 1-0

[Event "Baden-Alsace"]
[Site "Freiburg"]
[Date "2016.09.18"]
[Round "10"]
[White "Pfatteicher, Lukas"]
[Black "Blum, Nicolas"]
[Result "1-0"]
[WhiteElo "2206"]
[BlackElo "2217"]
[PlyCount "83"]
[EventDate "2016.09.18"]
[WhiteTeam "Baden"]
[BlackTeam "Alsace"]

1. d4 Nf6 2. c4 e6 3. Nc3 Bb4 4. Qc2 O-O 5. Nf3 c5 6. dxc5 Na6 7. g3 Nxc5 8.
Bg2 Nce4 9. O-O Nxc3 10. bxc3 Be7 11. e4 d6 12. e5 dxe5 13. Nxe5 Nd7 14. Nxd7
Qxd7 15. Bf4 Bc5 16. Rfd1 Qe7 17. Qe2 a5 18. Rd2 Ra6 19. Rad1 e5 20. Be3 Bxe3
21. Qxe3 f5 22. Bd5+ Kh8 23. f4 e4 24. Rb1 Rd8 25. c5 Rf6 26. c4 Qc7 27. Rb6
Rff8 28. Rdb2 Rfe8 29. a4 Qe7 30. R2b5 Rd7 31. Rxa5 Rc7 32. c6 bxc6 33. Bxc6
Rd8 34. Re5 Qf7 35. Bd5 Qh5 36. Qxe4 Qd1+ 37. Qe1 Qd4+ 38. Qe3 Qa1+ 39. Kg2
Qxa4 40. Rc6 Rf7 41. Rxc8 Rxc8 42. Bxf7 1-0

[Event "Baden-Alsace"]
[Site "Freiburg"]
[Date "2016.09.18"]
[Round "11"]
[White "Briet, Antoine"]
[Black "Scherer, Max"]
[Result "0-1"]
[WhiteElo "2202"]
[BlackElo "2201"]
[PlyCount "104"]
[EventDate "2016.09.18"]
[WhiteTeam "Alsace"]
[BlackTeam "Baden"]

1. e4 e6 2. d4 b6 3. Nf3 Bb7 4. Bd3 c5 5. c3 Nf6 6. Qe2 Be7 7. O-O Nc6 8. a3 d5
9. e5 Nd7 10. b4 a5 11. b5 Na7 12. a4 c4 13. Bc2 Nf8 14. Ne1 Qd7 15. f4 g6 16.
Ba3 Nc8 17. Nd2 h5 18. g3 Bxa3 19. Rxa3 Ne7 20. Nef3 Nf5 21. Kg2 Qe7 22. Raa1
O-O-O 23. h3 h4 24. Bxf5 exf5 25. Nxh4 Rxh4 26. gxh4 Ne6 27. Kh2 Rh8 28. Nf3
Nxf4 29. Qa2 Kd8 30. Qa3 Bc8 31. Qxe7+ Kxe7 32. Ra2 Nd3 33. Rg2 f4 34. Rg5 Bf5
35. h5 Rxh5 36. Rxh5 gxh5 37. Nh4 Be4 38. Ng2 f3 39. Ne1 Nb2 40. Nxf3 Nxa4 41.
Ng5 Nxc3 42. Rxf7+ Ke8 43. Rb7 Nxb5 44. Nxe4 dxe4 45. d5 c3 46. Rb8+ Kd7 47.
Rxb6 c2 48. e6+ Kd8 49. d6 Nxd6 50. Rxd6+ Kc7 51. Rd7+ Kc8 52. Rh7 c1=Q 0-1

[Event "Baden-Alsace"]
[Site "Freiburg"]
[Date "2016.09.18"]
[Round "12"]
[White "Mader, Manuela"]
[Black "Ricter, Jean Paul"]
[Result "1/2-1/2"]
[WhiteElo "2172"]
[BlackElo "2117"]
[PlyCount "80"]
[EventDate "2016.09.18"]
[WhiteTeam "Baden"]
[BlackTeam "Alsace"]

1. d4 d6 2. e4 Nf6 3. Nc3 Nbd7 4. Nf3 e5 5. Bc4 Be7 6. O-O O-O 7. Qe2 c6 8. a4
b6 9. Rd1 Qc7 10. h3 a6 11. d5 cxd5 12. Bxd5 Bb7 13. Bxb7 Qxb7 14. Bg5 h6 15.
Bxf6 Nxf6 16. Nd5 Nxd5 17. Rxd5 Rac8 18. Ne1 f5 19. Rad1 fxe4 20. b3 Rc5 21.
Qxe4 Rxd5 22. Qxd5+ Qxd5 23. Rxd5 Kf7 24. Kf1 Ke6 25. c4 Bh4 26. Nf3 Bxf2 27.
Kxf2 e4 28. Ke3 exf3 29. gxf3 Rc8 30. f4 g6 31. Ke4 Rc5 32. Rd1 Rh5 33. Rd3 Rh4
34. Re3 Kd7 35. Rf3 g5 36. Kf5 gxf4 37. Rd3 Ke7 38. Rf3 Kd7 39. Rd3 Ke7 40. Rf3
Kd7 1/2-1/2

[Event "Baden-Alsace"]
[Site "Freiburg"]
[Date "2016.09.18"]
[Round "13"]
[White "Daeschler, Florian"]
[Black "Wiechert, Hans"]
[Result "1/2-1/2"]
[WhiteElo "2116"]
[BlackElo "2166"]
[PlyCount "142"]
[EventDate "2016.09.18"]
[WhiteTeam "Alsace"]
[BlackTeam "Baden"]

1. e4 c5 2. Nf3 Nc6 3. Bb5 g6 4. O-O Bg7 5. c3 e5 6. d3 Nge7 7. Be3 d6 8. Bc4
O-O 9. h3 Na5 10. Na3 Nxc4 11. Nxc4 f5 12. b4 Qc7 13. Qb3 Kh8 14. bxc5 dxc5 15.
Nh2 Be6 16. Qb5 Rfc8 17. Na3 a6 18. Qb2 b5 19. Nc2 Rab8 20. Bg5 Ng8 21. f3 f4
22. Bh4 h6 23. Rfd1 b4 24. Rac1 Qa5 25. c4 g5 26. Bf2 Qc7 27. Na1 h5 28. Kf1
Nf6 29. Ke2 g4 30. hxg4 hxg4 31. Bh4 g3 32. Bxf6 Bxf6 33. Nf1 Kg7 34. Nd2 a5
35. Rh1 Rh8 36. Qb1 a4 37. Rxh8 Rxh8 38. Rh1 Rd8 39. Nc2 Qd6 40. Ne1 Qd4 41.
Qc2 Bd7 42. Kd1 Bc6 43. Ke2 Rb8 44. Kd1 Qd6 45. Qb2 b3 46. a3 Kg6 47. Nb1 Qd4
48. Qxd4 cxd4 49. Kc1 Re8 50. Kb2 {(=)} Bd8 51. Kc1 Ba5 52. Kd1 Bc3 53. Ke2 Bb2
54. Kd2 Bd7 55. Kd1 Bc3 56. Ke2 Ba5 57. Kd1 Bc7 58. Kc1 Bb6 59. Kd2 Rb8 60. Kd1
Kg7 61. Rh5 Rh8 62. Rxh8 Kxh8 63. Kc1 Kg7 64. Kd1 Bc5 65. Ke2 Kf6 66. Kd1 Ke7
67. Ke2 Kd6 68. Kd1 Kc7 69. Kc1 Kb6 70. Kd1 Ka5 71. Kc1 Bc6 1/2-1/2

[Event "Baden-Alsace"]
[Site "Freiburg"]
[Date "2016.09.18"]
[Round "14"]
[White "Moser, Axel"]
[Black "Degardin, Sylvain"]
[Result "1/2-1/2"]
[WhiteElo "2148"]
[BlackElo "2114"]
[PlyCount "37"]
[EventDate "2016.09.18"]
[WhiteTeam "Baden"]
[BlackTeam "Alsace"]

1. d4 Nf6 2. c4 g6 3. Nf3 Bg7 4. e3 O-O 5. Be2 b6 6. O-O Bb7 7. d5 e6 8. Nc3
exd5 9. cxd5 Re8 10. Bd3 Nxd5 11. Nxd5 Bxd5 12. Bxg6 hxg6 13. Qxd5 c6 14. Qd6
Na6 15. Rd1 Nc5 16. Rb1 Re6 17. Qd2 d5 18. Nd4 Rd6 19. Qc2 1/2-1/2

[Event "Baden-Alsace"]
[Site "Freiburg"]
[Date "2016.09.18"]
[Round "15"]
[White "Letzelter, Jean Claude"]
[Black "Dekan, Hans"]
[Result "1-0"]
[WhiteElo "2113"]
[BlackElo "2145"]
[PlyCount "61"]
[EventDate "2016.09.18"]
[WhiteTeam "Alsace"]
[BlackTeam "Baden"]

1. b4 d5 2. Bb2 Nf6 3. Nf3 e6 4. b5 c5 5. e3 Be7 6. c4 O-O 7. Qc2 a6 8. a4 axb5
9. axb5 Rxa1 10. Bxa1 Nbd7 11. Be2 Re8 12. O-O b6 13. d3 Bb7 14. Nbd2 Qc7 15.
h3 Bd6 16. g4 Nf8 17. Bb2 Ng6 18. Ra1 Qc8 19. Bf1 Bb8 20. Bg2 e5 21. cxd5 Nxd5
22. Qc4 Qd7 23. Ng5 h6 24. Nge4 Nh4 25. Bh1 Nb4 26. d4 Bd5 27. Qc3 exd4 28.
exd4 Qxb5 29. Qe3 Kh8 30. dxc5 bxc5 31. Qxh6+ 1-0

[Event "Baden-Alsace"]
[Site "Freiburg"]
[Date "2016.09.18"]
[Round "16"]
[White "Sandmeier, Toni"]
[Black "Marzolf, Bruno"]
[Result "1-0"]
[WhiteElo "2134"]
[BlackElo "2110"]
[PlyCount "71"]
[EventDate "2016.09.18"]
[WhiteTeam "Baden"]
[BlackTeam "Alsace"]

1. c4 f5 2. Nf3 Nf6 3. g3 e6 4. Bg2 Be7 5. O-O O-O 6. d4 d6 7. Nc3 Qe8 8. Qc2
Qg6 9. d5 e5 10. c5 Na6 11. b4 e4 12. Nd4 Nxb4 13. Qb3 Na6 14. Ba3 Kh8 15. cxd6
Bxd6 16. Ncb5 Bxa3 17. Qxa3 Bd7 18. Ne6 Rfc8 19. Nf4 Qe8 20. Nd4 Qe5 21. Nde6
Nxd5 22. Ng5 Qe7 23. Qxe7 Nxe7 24. Rfd1 Be8 25. f3 h6 26. Nge6 g5 27. Nh3 Bf7
28. Nexg5 hxg5 29. Rd7 Re8 30. Nxg5 Bd5 31. fxe4 fxe4 32. Rd1 Bc6 33. R7d2 Nf5
34. Bh3 Ne3 35. Rc1 Rad8 36. Rxd8 1-0

[Event "Baden-Alsace"]
[Site "Freiburg"]
[Date "2016.09.18"]
[Round "17"]
[White "Buereau, Frederic"]
[Black "Mueller, Rudolf"]
[Result "0-1"]
[WhiteElo "2100"]
[BlackElo "2115"]
[PlyCount "88"]
[EventDate "2016.09.18"]
[WhiteTeam "Alsace"]
[BlackTeam "Baden"]

1. d4 e6 2. Nf3 b6 3. c4 Bb7 4. Nc3 Bb4 5. Qc2 f5 6. Bg5 Nf6 7. a3 Be4 8. Qd2
Bxc3 9. Qxc3 O-O 10. Nd2 Bb7 11. f3 h6 12. Bh4 c5 13. e3 Nc6 14. Be2 Rc8 15.
O-O g5 16. Bf2 cxd4 17. exd4 d5 18. b3 Ne7 19. c5 Ng6 20. Rfe1 Nf4 21. Bf1 Qe8
22. g3 Ng6 23. b4 f4 24. Bd3 fxg3 25. hxg3 Nh5 26. Qc2 Rf6 27. a4 Qf7 28. Ra3
Ne7 29. Bf1 g4 30. f4 Nf5 31. Qd1 Rg6 32. b5 Rf8 33. Qb3 Qg7 34. Qd3 bxc5 35.
dxc5 Nxf4 36. gxf4 g3 37. Be3 d4 38. c6 dxe3 39. Nc4 g2 40. Be2 Bc8 41. Qe4 Qe7
42. Rxe3 Qh4 43. Bf3 Qh1+ 44. Kf2 g1=Q+ 0-1

[Event "Baden-Alsace"]
[Site "Freiburg"]
[Date "2016.09.18"]
[Round "18"]
[White "Merklinger, Markus"]
[Black "Zachary, Matheo"]
[Result "1/2-1/2"]
[WhiteElo "2103"]
[BlackElo "2092"]
[PlyCount "82"]
[EventDate "2016.09.18"]
[WhiteTeam "Baden"]
[BlackTeam "Alsace"]

1. d4 d5 2. Nf3 Nf6 3. Bf4 Bf5 4. e3 e6 5. Nbd2 Be7 6. h3 O-O 7. Be2 Nbd7 8.
O-O c5 9. c3 h6 10. Ne5 Qb6 11. Qb3 c4 12. Nxd7 Nxd7 13. Qxb6 axb6 14. e4 Bg6
15. exd5 exd5 16. Bf3 Ra5 17. Rfe1 Bf6 18. Bd6 Rfa8 19. a3 Bg5 20. Nf1 Nf6 21.
Bb4 R5a7 22. Be7 Ne4 23. Bxg5 hxg5 24. Ne3 Nd2 25. Bxd5 b5 26. f3 Re8 27. Rad1
Nb3 28. Ng4 Rd8 29. Re5 Kh7 30. Be4 Bxe4 31. fxe4 b4 32. axb4 Ra2 33. Ne3 Rxb2
34. Nxc4 Rc2 35. Na5 Rxc3 36. Nxb3 Rxb3 37. Rb5 Rd7 38. Kf2 Kg6 39. Rb6+ Kh5
40. Rd2 f6 41. d5 g4 1/2-1/2

[Event "Baden-Alsace"]
[Site "Freiburg"]
[Date "2016.09.18"]
[Round "19"]
[White "Goettelmann, Guillaume"]
[Black "Hamid, Emran"]
[Result "1/2-1/2"]
[WhiteElo "2091"]
[BlackElo "2085"]
[PlyCount "99"]
[EventDate "2016.09.18"]
[WhiteTeam "Alsace"]
[BlackTeam "Baden"]

1. d4 Nf6 2. c4 e6 3. Nf3 Bb4+ 4. Bd2 Qe7 5. g3 b6 6. Bg2 Bb7 7. O-O Bxd2 8.
Qxd2 O-O 9. Nc3 d5 10. Ne5 Rd8 11. cxd5 exd5 12. Rac1 c5 13. Rfd1 Nc6 14. Nxc6
Bxc6 15. Qc2 Rac8 16. e3 Bb7 17. Qa4 Bc6 18. Qa3 Rc7 19. dxc5 bxc5 20. Na4 Bxa4
21. Qxa4 g6 22. b4 d4 23. exd4 cxd4 24. Rxc7 Qxc7 25. Qb3 Qd6 26. b5 d3 27. Rd2
Qd4 28. h3 h5 29. a4 h4 30. g4 Ne4 31. Bxe4 Qxe4 32. Qd1 Rd5 33. Kh2 f5 34.
gxf5 Rxf5 35. Qg4 Qe5+ 36. Kh1 Rg5 37. Qc4+ Kg7 38. Rd1 d2 39. f4 Qe1+ 40. Qf1
Qe4+ 41. Kh2 Rg3 42. Rxd2 Kh6 43. Rf2 Qe3 44. Re2 Qd3 45. Rf2 Qxf1 46. Rxf1 Ra3
47. f5 Ra2+ 48. Kh1 gxf5 49. Rxf5 Rxa4 50. Kg2 1/2-1/2

[Event "Baden-Alsace"]
[Site "Freiburg"]
[Date "2016.09.18"]
[Round "20"]
[White "Spieker, Michael"]
[Black "Schall, Denis"]
[Result "1/2-1/2"]
[WhiteElo "2032"]
[BlackElo "2072"]
[PlyCount "105"]
[EventDate "2016.09.18"]
[WhiteTeam "Baden"]
[BlackTeam "Alsace"]

1. e4 c5 2. Nf3 d6 3. Bb5+ Bd7 4. Bxd7+ Nxd7 5. c4 Ngf6 6. Nc3 g6 7. O-O Bg7 8.
d3 O-O 9. Ng5 a6 10. a4 e6 11. f4 Qc7 12. Qe1 Rab8 13. Qh4 Rfe8 14. Bd2 Nf8 15.
f5 exf5 16. exf5 Re5 17. Nce4 Qe7 18. fxg6 fxg6 19. Qg3 Nxe4 20. Nxe4 Ne6 21.
Bc3 Nd4 22. Bxd4 cxd4 23. Rf3 Rf8 24. Rxf8+ Bxf8 25. Rf1 Bg7 26. Qg4 Re6 27.
Ng5 Rf6 {(=)} 28. Qc8+ Rf8 29. Rxf8+ Bxf8 30. Ne6 Kf7 31. Qxf8+ Kxe6 32. Qxe7+
Kxe7 33. a5 d5 34. Kf2 Kd6 35. b4 h6 36. Kf3 dxc4 37. dxc4 Ke5 38. g4 d3 39.
Ke3 d2 40. Kxd2 Kd4 41. b5 Kxc4 42. bxa6 bxa6 43. h4 Kb5 44. h5 gxh5 45. gxh5
Kxa5 46. Kc3 Kb5 47. Kb3 Kc5 48. Ka4 Kd5 49. Ka5 Ke5 50. Kxa6 Kf5 51. Kb5 Kg5
52. Kc4 Kxh5 53. Kd3 1/2-1/2

[Event "Baden-Alsace"]
[Site "Freiburg"]
[Date "2016.09.18"]
[Round "21"]
[White "Roos, Antoine"]
[Black "Weidauer, Sigurd"]
[Result "0-1"]
[WhiteElo "2053"]
[BlackElo "2027"]
[PlyCount "64"]
[EventDate "2016.09.18"]
[WhiteTeam "Alsace"]
[BlackTeam "Baden"]

1. e4 Nc6 2. Nf3 f5 3. exf5 d5 4. d4 Bxf5 5. Bb5 Qd6 6. Ne5 Nf6 7. Bxc6+ bxc6
8. Bf4 Qb4+ 9. Qd2 Qxb2 10. Qc3 Qxc2 11. O-O Qxc3 12. Nxc3 e6 13. Nxc6 Bd6 14.
Bxd6 cxd6 15. Nb5 Bd3 16. Nxd6+ Kd7 17. Ne5+ Kxd6 18. Nxd3 Rab8 19. Rfe1 Rhe8
20. Rac1 Nd7 21. f4 Rbc8 22. Rxc8 Rxc8 23. Rc1 Rc4 24. Kf2 Rxd4 25. Ke3 Re4+
26. Kf3 Rc4 27. Ke3 d4+ 28. Kd2 Rxc1 29. Nxc1 Nc5 30. Ne2 Kd5 31. g3 Kc4 32.
Nc1 d3 0-1

[Event "Baden-Alsace"]
[Site "Freiburg"]
[Date "2016.09.18"]
[Round "22"]
[White "Stulz, Joachim"]
[Black "Callet, Antoine"]
[Result "0-1"]
[WhiteElo "2012"]
[BlackElo "2052"]
[PlyCount "98"]
[EventDate "2016.09.18"]
[WhiteTeam "Baden"]
[BlackTeam "Alsace"]

1. d4 d5 2. Nf3 Nf6 3. e3 c6 4. Be2 Bf5 5. O-O e6 6. c4 Nbd7 7. b3 Bd6 8. Ba3
Bxa3 9. Nxa3 Ne4 10. Nb1 O-O 11. Nfd2 Qg5 12. Kh1 Ndf6 13. Bf3 Qh4 14. g3 Qh6
15. Nxe4 dxe4 16. Bg2 Ng4 17. h3 Nf6 18. Kh2 g5 19. Nd2 Bxh3 20. Bxh3 g4 21.
Rh1 gxh3 22. Kg1 c5 23. Nxe4 Nxe4 24. Qg4+ Qg6 25. Qxh3 cxd4 26. exd4 Rad8 27.
Rd1 Ng5 28. Qg4 Qf5 29. Qxf5 exf5 30. Kg2 Rfe8 31. Rh5 Ne6 32. d5 Ng7 33. Rh4
Re2 34. c5 Re4 35. Rh6 Ne6 36. Rh5 Re5 37. b4 Rdxd5 38. Rdh1 Nf8 39. Rc1 Rd4
40. a3 Rd3 41. b5 Rdd5 42. c6 bxc6 43. f4 Rc5 44. Rd1 Red5 45. Re1 cxb5 46.
Rg5+ Ng6 47. Rh1 Rc2+ 48. Kh3 Rc3 49. Ra1 h6 0-1

[Event "Baden-Alsace"]
[Site "Freiburg"]
[Date "2016.09.18"]
[Round "23"]
[White "Khachatryan, Michel"]
[Black "Muetsch, Annmarie"]
[Result "1/2-1/2"]
[WhiteElo "2032"]
[BlackElo "2008"]
[PlyCount "151"]
[EventDate "2016.09.18"]
[WhiteTeam "Alsace"]
[BlackTeam "Baden"]

1. d4 Nf6 2. c4 e6 3. g3 d5 4. Nf3 Bb4+ 5. Bd2 Bd6 6. Bg2 c6 7. Qc2 O-O 8. O-O
Nbd7 9. Nc3 dxc4 10. e4 e5 11. Rad1 Qe7 12. d5 cxd5 13. exd5 Nb6 14. Bg5 h6 15.
Bxf6 Qxf6 16. Ne4 Qe7 17. Nxd6 Qxd6 18. Qe4 Re8 19. Nh4 Bd7 20. Rfe1 Rad8 21.
g4 Qf6 22. Nf3 Ba4 23. Rd2 Qf4 24. Qxf4 exf4 25. Rxe8+ Bxe8 26. d6 g5 27. h3
Bc6 28. Ne5 Bxg2 29. Kxg2 Kg7 30. Rd4 Kf6 31. Nxc4 Nxc4 32. Rxc4 Rxd6 33. Rc7
Rb6 34. b3 Kg6 35. Kf3 f5 36. Rd7 Kf6 37. Rc7 fxg4+ 38. hxg4 Ke5 39. Rd7 Ke6
40. Rh7 Kd5 41. Rc7 Kd4 42. Rc4+ Kd3 43. Rc7 Kd4 44. Rc4+ Kd5 45. Rc7 Kd6 46.
Rh7 Kc5 47. Rc7+ Kd5 48. Rh7 a6 49. Re7 Kc5 50. Re4 Rd6 51. Rc4+ Kb6 52. Ke2
Re6+ 53. Kf3 Kb5 54. a3 Kb6 55. Rb4+ Kc6 56. Rc4+ Kd5 57. Rc7 Rb6 58. b4 Kd4
59. Kg2 Ke4 60. Re7+ Kd5 61. Rc7 Ke5 62. Kf3 Kf6 63. Rh7 Kg6 64. Rc7 h5 65.
gxh5+ Kxh5 66. Rh7+ Kg6 67. Rc7 Rb5 68. Kg4 Kf6 69. Rd7 Kg6 70. Rd6+ Kf7 71.
Rd7+ Kf6 72. Rd6+ Ke5 73. Rg6 Ke4 74. Rxg5 Rb6 75. Rg7 Rb5 76. Re7+ {(...)}
1/2-1/2

[Event "Baden-Alsace"]
[Site "Freiburg"]
[Date "2016.09.18"]
[Round "24"]
[White "Schott, Reimund"]
[Black "Lefebvre, Pierre"]
[Result "1-0"]
[WhiteElo "1998"]
[BlackElo "2023"]
[PlyCount "49"]
[EventDate "2016.09.18"]
[WhiteTeam "Baden"]
[BlackTeam "Alsace"]

1. e4 c5 2. Nf3 e6 3. d4 cxd4 4. Nxd4 a6 5. c4 Nf6 6. Nc3 Bb4 7. Bd2 Bxc3 8.
Bxc3 Nxe4 9. Qg4 Nxc3 10. Qxg7 Ke7 11. Qg5+ Ke8 12. Qg7 Ke7 13. Nf5+ exf5 14.
Qe5+ Kf8 15. Qxh8+ Ke7 16. Qxc3 d6 17. Bd3 Nc6 18. O-O Be6 19. Rfe1 Ne5 20.
Bxf5 Bxf5 21. f4 f6 22. c5 dxc5 23. Rad1 Qb6 24. fxe5 Kf7 25. Rd6 1-0

[Event "Baden-Alsace"]
[Site "Freiburg"]
[Date "2016.09.18"]
[Round "25"]
[White "Hartmann, Martin"]
[Black "Laverdet, Tristan"]
[Result "1-0"]
[WhiteElo "1950"]
[BlackElo "2016"]
[PlyCount "49"]
[EventDate "2016.09.18"]
[WhiteTeam "Baden"]
[BlackTeam "Alsace"]

{(Diese Partie wurde irrtuemlich mit falscher Farbverteilung gespielt)} 1. e4
c5 2. Nf3 e6 3. d4 cxd4 4. Nxd4 Nc6 5. Nb5 d6 6. c4 Be7 7. N1c3 a6 8. Na3 Nf6
9. Be3 O-O 10. Rc1 Qa5 11. Qd2 Rd8 12. Be2 d5 13. exd5 Bxa3 14. bxa3 exd5 15.
cxd5 Nxd5 16. Nxd5 Rxd5 17. Qc3 Bf5 18. Bf3 Rd3 19. Qxa5 Nxa5 20. Rc5 Rxa3 21.
Rxf5 Rxa2 22. O-O Rc8 23. Bd5 Ra4 24. Rxf7 Kh8 25. Bxb7 1-0

[Event "Baden-Alsace"]
[Site "Freiburg"]
[Date "2016.09.18"]
[Round "27"]
[White "Guerin, Juliette"]
[Black "Geweniger, Tim"]
[Result "1/2-1/2"]
[WhiteElo "1942"]
[BlackElo "1934"]
[PlyCount "108"]
[EventDate "2016.09.18"]
[WhiteTeam "Alsace"]
[BlackTeam "Baden"]

1. e4 e6 2. d4 d5 3. Nd2 Nf6 4. e5 Nfd7 5. c3 c5 6. Bd3 Nc6 7. Ne2 cxd4 8. cxd4
f6 9. Nf4 Nxd4 10. Qh5+ Ke7 11. exf6+ Nxf6 12. Ng6+ hxg6 13. Qxh8 Kf7 14. O-O
e5 15. Nb3 Nxb3 16. axb3 Bf5 17. Bxf5 gxf5 18. Bg5 Qb6 19. Rac1 Rd8 20. Qh3 g6
21. Bxf6 Kxf6 22. Qh4+ Kg7 23. Rc3 d4 24. Rh3 Kf7 25. Rc1 Bg7 26. Qg5 Rd7 27.
Rg3 e4 28. h4 Qf6 29. Qf4 Qe5 30. Qd2 d3 31. h5 Qxb2 32. Qg5 Qf6 33. hxg6+ Ke7
34. Qd2 Qd4 35. Rh3 Kf6 36. Rg3 Ke7 37. Rg5 Kf6 38. Rh5 Ke6 39. b4 a6 40. g4
fxg4 41. Qf4 d2 42. Rd1 Be5 43. Qf5+ Kd6 44. Qxe5+ Qxe5 45. Rxd2+ Kc6 46. Rxe5
Rxd2 47. g7 Rd8 48. Rxe4 Rg8 49. Rxg4 Kd6 50. Kg2 Ke6 51. Kf3 Kf6 52. Ke4 Rxg7
53. Rxg7 Kxg7 54. Kd5 b6 1/2-1/2

[Event "Baden-Alsace"]
[Site "Freiburg"]
[Date "2016.09.18"]
[Round "28"]
[White "Weis, Olga"]
[Black "Bellahcene, Anissa"]
[Result "0-1"]
[WhiteElo "1899"]
[BlackElo "1750"]
[PlyCount "42"]
[EventDate "2016.09.18"]
[WhiteTeam "Baden"]
[BlackTeam "Alsace"]

1. d4 d5 2. c4 e6 3. Nc3 c6 4. cxd5 exd5 5. Bf4 Bd6 6. Bg3 Nf6 7. Qc2 Be6 8. e3
b6 9. Bd3 Bxg3 10. hxg3 c5 11. Nge2 c4 12. Bf5 Qd7 13. Bxe6 fxe6 14. Nf4 Na6
15. a3 Rf8 16. Nxe6 Qxe6 17. Qa4+ b5 18. Nxb5 Kf7 19. Qc2 Rab8 20. a4 Nb4 21.
Qd2 Nd3+ 0-1